000 00751nam a22002777a 4500
001 7113
003 FISKH
005 20250624093159.0
008 250624b cb ||||| |||| 00| 0 eng d
020 _a0333299755
040 _aFISKH
_beng
_cFISKH
_dFISKH
050 _aPZ7
082 _a351
100 _aDugan, Michael
245 _aFederal govenment /
_cBy Michael Dugan
250 _aFirst published 1979
260 _aNew York :
_bThe Macmillan Company,
_c1979.
300 _a22 pages :
_billustrations ;
_c21 cm.
490 _aAustralian Fact Finders
505 _aQ
521 8 _a670
_bLexile estimate
521 8 _aQ
_bRaz-Plus
650 _aFederal government
_vNon-fiction
942 _2ddc
_cBK
_n0
999 _c7113
_d7113